| 000 | 00937cam a2200289 i 4500 | ||
|---|---|---|---|
| 999 |
_c126738 _d126738 |
||
| 001 | 863800 | ||
| 003 | ARRUPE | ||
| 005 | 20170823090948.0 | ||
| 008 | 790530s1980 moua b 001 0 eng | ||
| 010 | _a 79009135 | ||
| 020 | _a0801621453 | ||
| 040 |
_aDLC _cDLC _dDLC |
||
| 043 | _an-us--- | ||
| 050 | 0 | 0 |
_aLB1140.2 _b.H44 1980 |
| 082 | 0 | 0 | _a372.21 |
| 100 | 1 |
_aHendrick, Joanne, _d1928- _934997 |
|
| 245 | 1 | 4 |
_aThe whole child : _bnew trends in early education / _cJoanne Hendrick. |
| 250 | _a2d ed. | ||
| 260 |
_aSaint Louis : _btHE C.V. Mosby Company, _c1980. |
||
| 300 |
_ax, 420 p. : _bill. ; _c25 cm. |
||
| 500 | _aIncludes indexes. | ||
| 504 | _aBibliography: p. 349-370. | ||
| 650 | 0 |
_aEducation, Preschool _934998 |
|
| 906 |
_a7 _bcbc _corignew _d1 _eocip _f19 _gy-gencatlg |
||
| 942 |
_2lcc _cMONOGRAPH |
||